Zhodnotenie vykazovaných údajov v účtovných závierkach z hľadiska členenia účtovných jednotiek podľa odvetví bakalárska práca

Guardado en:
Detalles Bibliográficos
Autor principal: Marianiková, Lenka
Autor Corporativo: Fakulta hospodárskej informatiky EU. Katedra účtovníctva a audítorstva
Otros Autores: Ondrušová, Lucia, 1981-
Formato: Libro
Lenguaje:eslovaco
Publicado: Bratislava 2025
Etiquetas: Agregar Etiqueta
Sin Etiquetas, Sea el primero en etiquetar este registro!

MARC

LEADER 00000nbm a2200000 4500
001 0310390
005 20251204105538.8
041 0 |a slo 
044 |a SK 
245 1 0 |a Zhodnotenie vykazovaných údajov v účtovných závierkach z hľadiska členenia účtovných jednotiek podľa odvetví  |b bakalárska práca  |c Lenka Marianiková ; školiteľ: Lucia Ondrušová 
264 1 |a Bratislava  |c 2025 
300 |a 60 s. 
100 1 |a Marianiková, Lenka 
700 1 |a Ondrušová, Lucia, 1981- 
710 2 |a Fakulta hospodárskej informatiky EU. Katedra účtovníctva a audítorstva